000 00522nam a2200193Ia 4500
003 GCL
008 140319s9999 xx 000 0 eng d
040 _aGCL /
_cGCL
082 0 4 _a629.2872
_bI W
100 1 _aIMERSHEIN, BETSY
245 1 0 _aTHE WORK PEOPLE DO AUTO MECHAMIC /
_cIMERSHEIN, BETSY
260 _a[S.N] :
_bSILVER BURDETT PRESS INC ،
_c1989
300 _a32 P
650 0 4 _aVOCATIONAL GUIDANCE
650 0 4 _aMAINTENANCE AND REPAIR
650 0 4 _aAUTOMOBILES
650 0 4 _aOCCUPATIONS
942 _2ddc
_cBK
999 _c19280
_d19280